| 000 | 00660nam a22001937a 4500 | ||
|---|---|---|---|
| 005 | 20130701151147.0 | ||
| 010 | _aB-508958-959 | ||
| 020 |
_a9788131787533 _c125.00 |
||
| 035 | _aB-508940-941 | ||
| 037 |
_adpl _bKBD/Ven |
||
| 082 | _a000 | ||
| 100 | _aThorpe, Edgar | ||
| 245 |
_aThe Pearson Current Events Digest/ _cby Edgar Thorpe and Showick Thorpe |
||
| 260 |
_aNew Delhi _bPearson _c2011 |
||
| 270 |
_a11 Commu8nity Centre, Panchsheel Park _bNew Delhi _e110017 |
||
| 300 |
_aVarious pages _c21cm(pbk) |
||
| 942 |
_2ddc _cEN _h547.13 _mTHO |
||
| 999 |
_c77092 _d77092 |
||